Generation of GeV Electron Beam From a Laser-Plasma Accelerator and Its Prospect as a Desktop Source of Energetic Positrons and Gamma Rays For Applications

Laser wakefield acceleration (LWFA) is a plasma-based electron beam accelerator technology that can deliver electron beams with energies up to several GeVs, depending mainly on the power of the used laser system and the electron injection scheme. Here, we present the results from a GeV electron acce...

Teljes leírás

Elmentve itt :
Bibliográfiai részletek
Szerzők: Quratul Ain
Li Song
Mohammad Mirzaie
Hafiz Nasr Abdelrahman Mohamed
Dokumentumtípus: Cikk
Megjelent: 2018
Sorozat:IEEE TRANSACTIONS ON NUCLEAR SCIENCE 65 No. 10
Tárgyszavak:
doi:10.1109/TNS.2018.2869558

mtmt:30898122
Online Access:http://publicatio.bibl.u-szeged.hu/27765
LEADER 02641nab a2200253 i 4500
001 publ27765
005 20230629150014.0
008 230629s2018 hu o 0|| Angol d
022 |a 0018-9499 
024 7 |a 10.1109/TNS.2018.2869558  |2 doi 
024 7 |a 30898122  |2 mtmt 
040 |a SZTE Publicatio Repozitórium  |b hun 
041 |a Angol 
100 1 |a Quratul Ain 
245 1 0 |a Generation of GeV Electron Beam From a Laser-Plasma Accelerator and Its Prospect as a Desktop Source of Energetic Positrons and Gamma Rays For Applications  |h [elektronikus dokumentum] /  |c  Quratul Ain 
260 |c 2018 
300 |a 2671-2678 
490 0 |a IEEE TRANSACTIONS ON NUCLEAR SCIENCE  |v 65 No. 10 
520 3 |a Laser wakefield acceleration (LWFA) is a plasma-based electron beam accelerator technology that can deliver electron beams with energies up to several GeVs, depending mainly on the power of the used laser system and the electron injection scheme. Here, we present the results from a GeV electron accelerator with a high reproducibility and a charge up to 30 pC using 110-120-TW laser pulses and by employing the well-established self-truncated ionization injection (STII) mechanism. These electron beams can be further used via bremsstrahlung in high-Z solid materials for the generation of gamma-rays and positron beams, therefore, composing a compact radiation source for various applications. Here, we use the Monte Carlo simulation code "Geant4" for studying the properties of those radiations. As expected, the characteristics of the generated gamma-rays and positron beams showed a strong dependence on the incident electron beam, target material, and thickness. The trend of positrons and gamma-rays energies and yield is shown for different high-Z to low-Z targets with the same areal mass density. Thicknesses of the target material in terms of its radiation length have been varied periodically in order to find the optimal thickness for obtaining the maximum energy and yield of the radiations. A trend can be seen in terms of energy spectra of the gamma-rays and positrons while increasing the thickness of the targets. The amount of radiation yields is also crucial to the choice of appropriate thickness of the target. In addition, this paper provides a brief description of the electrodynamics processes such as bremsstrahlung and electron-positron pair production initiated by LWFA electron beams. 
650 4 |a Fizikai tudományok 
700 0 1 |a Li Song  |e aut 
700 0 1 |a Mohammad Mirzaie  |e aut 
700 0 1 |a Hafiz Nasr Abdelrahman Mohamed  |e aut 
856 4 0 |u http://publicatio.bibl.u-szeged.hu/27765/1/30898122.pdf  |z Dokumentum-elérés